000 01390nam a2200445 i 4500
001 4912
003 KOSZ 005
005 20190722120240.0
008 040803s1975 pl a f f |000 0 pol
015 _aPB 1975/10127
035 _a(PL-WaBN)b16674728-48omnis_nlop
035 _ab16674728
035 _a(OCoLC)749659182
035 _a(PL)b0000016674728
040 _aWA N
_cWA N
_dKOSZ 005/HR
041 0 _apol
080 _a69
080 _a624.01/.07
080 _a(075.8)
100 1 _aJędrzejewski, Wacław
_d(1914-1993)
_eAutor
245 1 0 _aBudownictwo ogólne /
_cWacław Jędrzejewski.
250 _aWyd. 2 popr.
260 _aWarszawa :
_bPaństwowe Wydawawnictwo Naukowe,
_c1975.
300 _a473, [2] s. :
_bil., mapa, tab., wykr. ;
_c25 cm.
336 _2rdacontent
_aTekst
_btxt
337 _2rdamedia
_aBez urządzenia pośredniczącego
_bn
338 _2rdacarrier
_aWolumin
_bnc
380 _aKsiążki
380 _aPublikacje dydaktyczne
385 _mPoziom nauczania
_aSzkoły wyzsze
388 _a1901-2000
388 _a1945-1989
504 _aBibliogr.
658 _aArchitektura i budownictwo
655 7 _aPodręczniki akademickie
_2DBN
650 7 _aBudownictwo
_2DBN
856 _uhttp://koha.tu.koszalin.pl/cgi-bin/koha/opac-detail.pl?biblionumber=4912
_yKatalog online BPK
942 _2UKD
_cKS
999 _c4912
_d4912